| 000 | 01096nam a2200289Ia 4500 | ||
|---|---|---|---|
| 003 | OSt | ||
| 005 | 20221005104422.0 | ||
| 006 | a|||||r|||| 00| 0 | ||
| 007 | ta | ||
| 008 | 221004b |||||||| |||| 00| 0 hin d | ||
| 020 |
_a9788126340569 (hbk) _cINR 220.00 |
||
| 024 | _a37045 | ||
| 037 |
_bBW/1687, 15/03/2018, Bookwell _cTextual |
||
| 040 |
_aCRL _cCRL _bhin |
||
| 041 |
_2hin _ahin |
||
| 082 | _aO152,3NVA,VI, Q2 | ||
| 100 |
_aवर्मन, ब्रजेश के., ले. _9160336 |
||
| 245 | 0 | _aविश्वामित्र | |
| 246 | _aVishvāmitra | ||
| 260 |
_aदिल्ली _bभारतीय ज्ञानपीठ भारत _c2012 |
||
| 300 |
_a224पृ0 _ccm. |
||
| 490 | _aलोकोदय ग्रन्थमाला; ग्रन्थांक 1000 | ||
| 650 | _a हिन्दी साहित्य | ||
| 650 | _aहिन्दी कहानी | ||
| 942 |
_hO152,3NVA,VI, Q2 _cTEXL _2cc |
||
| 999 |
_c1012663 _d1012663 |
||